Ekonomičeskij analiz raboty predprijatija /

Uložené v:
Podrobná bibliografia
Hlavný autor: Ževtjak, Anatolij Petrovič (Author)
Médium: Kniha
Jazyk:Russian
Vydané: Leningrad : Lenizdat, 1975.
Vydanie:1. izd.
Edícia:Ekonomičeskije znanije trudjaščimsja
ISBN: (brož.)
Fyzický popis: 101 s.
Tagy: Pridať tag
Žiadne tagy, Buďte prvý kto otaguje tento záznam!

MARC

LEADER 00000nam a22000001a 4500
001 000442421
005 20131102200348.0
008 061229s1975 ru e 000 0 rus d
020 |a (brož.)  |c Kčs 2,90 
040 |a SVKKK  |b slo  |c SVKKK  |e AACR2 
041 0 |a rus 
044 |a ru  |c RU 
100 1 |a Ževtjak, Anatolij Petrovič  |4 aut 
245 1 0 |a Ekonomičeskij analiz raboty predprijatija /  |c Anatolij Petrovič Ževtjak. 
250 |a 1. izd. 
260 |a Leningrad :  |b Lenizdat,  |c 1975. 
300 |a 101 s. 
490 1 |a Ekonomičeskije znanije trudjaščimsja 
830 0 |a Ekonomičeskije znanije trudjaščimsja 
910 |a svkkk 
998 |a BK 
090 |g SCKHL  |k Sklad Hlavná 10 suterén  |a I.45470  |j 538238  |i 442421-10  |4 Zastaraná  |s Vyradená